LIBRARY & INFORMATION CENTRE, KCAET, TAVANUR

ONLINE PUBLIC ACCESS CATALOGUE (OPAC)

Numerical analysis in engineering / (Record no. 12176)

MARC details
000 -LEADER
fixed length control field 00517cam a2200205ua 4500
041 ## - LANGUAGE CODE
Language code of text/sound track or separate title eng
082 ## - DEWEY DECIMAL CLASSIFICATION NUMBER
Classification number 515
Item number RAM/NU
100 ## - MAIN ENTRY--AUTHOR NAME
Personal name Rama, Bhat B .
245 ## - TITLE STATEMENT
Title Numerical analysis in engineering /
260 ## - PUBLICATION, DISTRIBUTION, ETC. (IMPRINT)
Place of publication New Delhi :
Name of publisher Narosa Publishing House ,
Year of publication 2004.
300 ## - PHYSICAL DESCRIPTION
Number of Pages 320 ; .
500 ## - GENERAL NOTE
General note 20882 Scheme
700 1# - ADDED ENTRY--PERSONAL NAME
Personal name Chakraverty, S .
942 ## - ADDED ENTRY ELEMENTS (KOHA)
Koha item type Books
Holdings
Withdrawn status Lost status Damaged status Home library Current library Date acquired Full call number Accession Number Koha item type
      KAUAET   07/04/2012 515 20882 Books
      KAUAET KAUAET 07/04/2012 515 20969 Books
free website counter